| 000 | 00796nam a2200241Ia 4500 | ||
|---|---|---|---|
| 003 | OSt | ||
| 005 | 20240703105850.0 | ||
| 008 | 210716s2012 xx 000 0 und d | ||
| 020 | _a9789350236208 | ||
| 040 | _cAIMIT LIBRARY | ||
| 041 | _aeng | ||
| 082 |
_a374.22 _21 _bSENA |
||
| 100 |
_aSenthivel, A. _9172388 |
||
| 245 |
_aLife is fundamentally management / _cBy A Senthivel and Govind Babu. |
||
| 250 | _a1st ed. | ||
| 260 |
_aMumbai ; _bShroff Publications and Distributers Pvt Ltd , _c2012. |
||
| 300 |
_axiii,174,6p. ; _bPB _c22.4 cm |
||
| 650 |
_aScientific attitude vs. using-science attitude _9172389 |
||
| 650 |
_aThe science behind running the human head _9172390 |
||
| 650 |
_aSex and mankind _9172391 |
||
| 700 |
_aBabu, Govind. _9172392 |
||
| 942 |
_2ddc _cBK _e1st _k374.22 SENA |
||
| 999 |
_c209322 _d209322 |
||